000 02076nam a2200505Ii 4500
001 DIGRVRT0245
003 NyNyDIG
006 m o d
007 cr |||||||||||
008 221126s2021 sp a o 001 0 spa d
035 _a(OCoLC)1352725379
040 _aDGITA
_beng
_erda
_epn
_cDGITA
020 _a9788429191028
_qe-book
_qpdf
020 _z9788429148909
_qpapel
041 1 _aspa
_heng
050 1 4 _aTJ255 ebook
082 0 4 _a621.1
100 1 _aSeverns, William H.
_q(William Harrison),
_d1888-1956,
_eauthor.
240 1 0 _aSteam, air, and gas power.
_lSpanish
_s(Batlle Gayán)
245 1 0 _aEnergía mediante vapor, aire o gas /
_cW. H. Severns, H. E. Degler, J. C. Miles ; versión española por José Batlle Gayán.
264 1 _aBarcelona :
_bEditorial Reverté,
_c[2021]
300 _a1 online resource :
_billustrations.
336 _atext
_btxt
_2rdacontent
337 _acomputer
_bc
_2rdamedia
338 _aonline resource
_bcr
_2rdacarrier
347 _atext file
_2rdaft
347 _bPDF
500 _aIncludes index.
588 0 _aOnline resource; title from PDF title page (Digitalia, viewed November 26, 2022)
650 0 _aSteam engineering.
650 0 _aInternal combustion engines.
650 0 _aCompressed air.
650 0 _aPumping machinery.
655 0 _aElectronic books.
700 1 _aDegler, Howard Edward,
_d1893-
_eauthor.
700 1 _aMiles, John C.,
_eauthor.
700 1 _aBatlle Gayán, José,
_etranslator.
700 1 _iTranslation of:
_aSeverns, William H.
_q(William Harrison),
_d1888-1956.
_tSteam, air, and gas power.
791 2 _aDigitalia (Firm),
_edistributor.
793 0 _gDigitalia eBook Collection:
_aEditorial Reverté
776 0 8 _iPrint version:
_aSeverns, William H. (William Harrison), 1888-1956.
_sSteam, air, and gas power. Spanish (Batlle Gayán).
_tEnergía mediante vapor, aire o gas.
_dBarcelona : Editorial Reverté, [1976]
_z9788429148909
856 4 0 _3Digitalia Hispánica
_uhttps://www.digitaliapublishing.com/a/103355/
910 _aPremium collection: 2022
942 _cRAA
999 _c269527
_d269527